| Tag |
First Indicator |
Second Indicator |
Subfields |
| LEADER |
00000cam a2200000 4500 |
| 001 |
in00000059581 |
| 005 |
20151008050505.0 |
| 008 |
740626s1951 nyu b 000 0 eng |
| 010 |
|
|
|a 51010480
|
| 016 |
7 |
|
|a CAT10502010
|2 DNAL
|
| 019 |
|
|
|a 736415
|a 221093459
|
| 029 |
1 |
|
|a AU@
|b 000004152788
|
| 035 |
|
|
|a (OCoLC)930079
|
| 040 |
|
|
|a DLC
|b eng
|c HRM
|d SER
|d OCL
|d CSU
|d GZM
|d OCLCQ
|d AGL
|d OCLCG
|d STF
|d AU@
|d GEBAY
|d DOS
|d OCLCF
|d OCLCQ
|d OCLCO
|d OCLCQ
|d OCLCA
|d PHA
|d ALMSI
|d OCLCO
|d CSJ
|d OCLCO
|d CSA
|d TYC
|d OCLCO
|d OCLCQ
|d OCLCO
|d OCLCA
|d J9U
|d OCLCO
|d OKS
|d OCLCO
|d DCHUA
|
| 043 |
|
|
|a n-us---
|
| 049 |
|
|
|a TXAM
|
| 050 |
|
0 |
|a HG538
|b .T9
|
| 050 |
0 |
4 |
|a HG538
|b .H295
|
| 070 |
0 |
|
|a 280.12
|b H252
|
| 072 |
|
0 |
|a X700
|
| 082 |
0 |
|
|a 332.41
|
| 092 |
|
|
|a 332.41
|b T971d
|
| 100 |
1 |
|
|a Hart, Albert Gailord,
|d 1909-1997.
|
| 110 |
2 |
|
|a Twentieth Century Fund.
|b Committee on Economic Stabilization.
|
| 245 |
1 |
0 |
|a Defense without inflation,
|c by Albert G. Hart; with recommendations of the Committee on Economic Stabilization.
|
| 260 |
|
|
|a New York,
|b Twentieth Century Fund,
|c 1951.
|
| 264 |
|
1 |
|a New York,
|b [publisher not identified] ;
|c 1951.
|
| 300 |
|
|
|a xiv, 186 pages ;
|c 21 cm.
|
| 336 |
|
|
|a text
|b txt
|2 rdacontent
|
| 337 |
|
|
|a unmediated
|b n
|2 rdamedia
|
| 338 |
|
|
|a volume
|b nc
|2 rdacarrier
|
| 490 |
1 |
|
|a Twentieth Century Fund. Committee on Economic Stabilization [Publications]
|
| 504 |
|
|
|a Includes bibliographical references.
|
| 530 |
|
|
|a Also issued online.
|
| 650 |
|
0 |
|a Inflation (Finance)
|z United States.
|
| 651 |
|
0 |
|a United States
|x Economic policy.
|
| 700 |
1 |
|
|a Hart, Albert Gailord,
|d 1909-1997.
|
| 710 |
2 |
|
|a Twentieth Century Fund.
|
| 776 |
0 |
8 |
|i Online version:
|a Hart, Albert Gailord, 1909-1997.
|t Defense without inflation.
|d New York, Twentieth Century Fund, 1951
|w (OCoLC)573748053
|
| 830 |
|
0 |
|a Twentieth Century Fund. Committee on Economic Stabilization Publications.
|
| 999 |
|
|
|a MARS
|
| 999 |
f |
f |
|s 888f6fa5-ccc3-36dc-a3d0-3fc84a5cd7ce
|i 13f35f59-1185-36eb-a34d-39448b24c634
|t 0
|
| 952 |
f |
f |
|p ric
|a Texas A&M University
|b Rellis Campus
|c Joint Library Facility
|s JLF
|d Remote Storage
|t 0
|e HG538 .T9
|h Library of Congress classification
|i unmediated -- volume
|m A14800733391
|